Ataturk / (Record no. 86735)

MARC details
000 -LEADER
campo de control de longitud fija 00624nam a2200205 i 4500
001 - NÚMERO DE CONTROL
campo de control 86735
003 - IDENTIFICADOR DE NÚMERO DE CONTROL
campo de control ES-MaACL
005 - FECHA Y HORA DE LA ÚLTIMA TRANSACCIÓN
campo de control 20251015063108.0
007 - CAMPO FIJO DE DESCRIPCIÓN FÍSICA--INFORMACIÓN GENERAL
campo de control de longitud fija t|
008 - DATOS DE LONGITUD FIJA--INFORMACIÓN GENERAL
campo de control de longitud fija 041215s1966 sp ||||1| spa d
100 0# - ENTRADA PRINCIPAL--NOMBRE DE PERSONA
Nombre de persona Kinross, Patrick Balfour,
Títulos y otros términos asociados al nombre Barón
9 (RLIN) 68081
245 10 - MENCIÓN DEL TÍTULO
Título Ataturk /
Mención de responsabilidad, etc. Patrick Balfour Kinross ; [versión por Angel Arnau].
250 ## - MENCION DE EDICION
Mención de edición [1ª ed.].
260 ## - PUBLICACIÓN, DISTRIBUCIÓN, ETC.
Lugar de publicación, distribución, etc. Barcelona :
Nombre del editor, distribuidor, etc. Grijalbo,
Fecha de publicación, distribución, etc. 1966.
300 ## - DESCRIPCIÓN FÍSICA
Extensión 368 p., 4 lám. ;
Dimensiones 22 cm.
600 14 - PUNTO DE ACCESO ADICIONAL DE MATERIA--NOMBRE DE PERSONA
Nombre de persona Atatürk, Kemal (
Fechas asociadas al nombre 1881-1938)
9 (RLIN) 159740
700 1# - ENTRADA AGREGADA--NOMBRE PERSONAL
Nombre de persona Arnau, Angel.
9 (RLIN) 23047
852 ## - LOCALIZACIÓN
Ubicación ES-MaACL
Número de control de estantería C-29964
Sublocalización o colección R.60514
Holdings
Estatus retirado Estado de pérdida Estado de daño No para préstamo Biblioteca de origen Biblioteca actual Ubicación en estantería Fecha de adquisición Fuente de adquisición Total de préstamos Signatura topográfica completa Código de barras Visto por última vez Precio de reemplazo Tipo de ítem Koha
        Biblioteca del Ateneo de Madrid Biblioteca del Ateneo de Madrid Depósito 2 17/01/2008     C-29964 1090626 23/02/2023 23/02/2023 Libro impreso